Japanese Vocabulary: Birds and Insects - Statistics

General Stats
  • This quiz has been taken 203 times
    173 since last reset
  • The average score is 11 of 25
Answer Stats
English Kanji/Kana Romaji % Correct
bird tori
98%
insect mushi
81%
chicken niwatori
74%
mosquito ka
70%
duck アヒル / 鴨 ahiru / kamo
60%
spider クモ kumo
58%
pigeon, dove hato
53%
buttefly chō
51%
ant アリ ari
49%
crow karasu
47%
firefly hotaru
42%
owl フクロウ fukurō
37%
crane tsuru
37%
swan 白鳥 hakuchō
35%
eagle ワシ washi
35%
bat コウモリ kōmori
30%
bee ミツバチ mitsubachi
30%
earthworm ミミズ mimizu
28%
cicada, locust semi
26%
grasshopper バッタ batta
23%
parrot インコ / オウム inko / ōmu
23%
wild bird 野鳥 yachō
23%
fly ハエ hae
19%
rhinoceros beetle 甲虫 kabutomushi
19%
goose ガチョウ gachō
14%
No matching quizzes found
Score Distribution
Percent of People with Each Score
Percentile by Number Answered
Your Score History
You have not taken this quiz since the last reset